000 00300nam a22001217a 4500
008 180514b xxu||||| |||| 00| 0 eng d
041 _aeng
080 _a043.3
100 _a0
101 _aSHKI-BA
245 _aEvoluimi i telefonise mobile, perfshire rastin e Kosoves
_cFetahu, L
942 _2udc
_cBK
999 _c45758
_d45758